How Britain rules Africa.

Bibliographic Details
Main Author: Padmore, George, 1902-1959
Format: Book
Language:English
Published: New York : Negro Universities Press, [1969]
Subjects:

MARC

Tag First Indicator Second Indicator Subfields
LEADER 00000cam a2200000 4500
001 in00000200740
005 20151009062538.0
008 700427r19691936nyu b 00000 eng
010 |a  79092755  
020 |a 0837121760 
035 |a (OCoLC)00067325 
035 |9 AAX8320AM 
040 |a DLC  |c DLC  |d TXA  |d UtOrBLW 
049 |a TXAM  |c [529497] 
050 0 0 |a JQ1890  |b .P3 1969 
082 0 |a 325.3/42/096 
100 1 |a Padmore, George,  |d 1902-1959. 
245 1 0 |a How Britain rules Africa. 
264 1 |a New York :  |b Negro Universities Press,  |c [1969] 
300 |a xiii, 402 pages ;  |c 23 cm. 
336 |a text  |b txt  |2 rdacontent 
337 |a unmediated  |b n  |2 rdamedia 
338 |a volume  |b nc  |2 rdacarrier 
500 |a Reprint of the 1936 edition. 
504 |a Bibliography: pages 399-402. 
651 0 |a Great Britain  |x Colonies  |z Africa. 
651 0 |a Great Britain  |x Colonies  |x Administration. 
999 |a MARS 
999 f f |s bf30cf70-fa0a-3c7b-bfaa-5fccf252a0e5  |i 1cf750a8-867c-3cb7-a8b4-0cbe38a73694  |t 0 
952 f f |p normal  |a Texas A&M University  |b College Station  |c Sterling C. Evans Library  |d Evans: Library Stacks  |t 0  |e JQ1890 .P3 1969  |h Library of Congress classification  |i unmediated -- volume  |m A14803120903 
998 f f |a JQ1890 .P3 1969  |t 0  |l Evans: Library Stacks